000 00619nam a22002055a 4500
005 20171109124317.0
008 171109t2003 maua frb 001 0 eng d
020 _a0205332412
020 _a9780205332410
082 0 4 _a302.2
_bZEU
_222
100 1 _aZeuschner, Raymond F.
245 1 0 _aCommunicating today :
_bthe essentials /
_cRaymond Zeuschner.
260 _aBoston :
_bAllyn and Bacon,
_cc.2003.
300 _axviii, 333 p. :
_bill. ;
_c24 cm.
504 _aIncludes bibliographical references and index.
650 7 _aCommunication.
_2BUEsh
651 _2BUEsh
653 _bCOMAME
_cNovember2017
942 _2ddc
999 _c25549
_d25521